| 000 | 00497nam a2200169 i 4500 | ||
|---|---|---|---|
| 001 | 30235 | ||
| 003 | ES-MaACL | ||
| 005 | 20230906154148.0 | ||
| 007 | t| | ||
| 008 | 030124s1963 sp ||||1| spa d | ||
| 100 | 1 |
_aBassani, Giorgio. _926302 |
|
| 245 | 1 | 3 |
_aEl jardÃn de los Finzi-Contini / _cGiorgio Bassani ; [traducción de Juan Petit]. |
| 260 |
_aBarcelona : _bSeix Barral, _c[1963] |
||
| 300 |
_a257 p. ; _c21 cm. |
||
| 700 | 1 |
_aPetit, Juan. _991508 |
|
| 852 |
_aES-MaACL _jC-24118 _bR.52813 |
||
| 999 |
_c30235 _d30235 |
||